The Eastern Question (Record no. 577069)

MARC details
000 -LEADER
fixed length control field 00488nam a2200169Ia 4500
008 - FIXED-LENGTH DATA ELEMENTS--GENERAL INFORMATION
fixed length control field 250723s9999 xx 000 0 und d
020 ## - INTERNATIONAL STANDARD BOOK NUMBER
ISBN 9780714615004
082 ## - DEWEY DECIMAL CLASSIFICATION NUMBER
Classification number 947.0738
Item number MAR
100 ## - MAIN ENTRY--AUTHOR NAME
Personal name Marx, Karl
245 #4 - TITLE STATEMENT
Title The Eastern Question
260 ## - PUBLICATION, DISTRIBUTION, ETC. (IMPRINT)
Name of publisher Routledge
Year of publication 1994
300 ## - PHYSICAL DESCRIPTION
Number of Pages 656 pages
500 ## - GENERAL NOTE
General note First Published in 1994. Routledge is an imprint of Taylor & Francis, an informa company.
650 ## - SUBJECT ADDED ENTRY--TOPICAL TERM
Topical Term Business & Economics
942 ## - ADDED ENTRY ELEMENTS (KOHA)
Koha item type English Books
Holdings
Withdrawn status Lost status Damaged status Not for loan Home library Current library Shelving location Date acquired Full call number Accession Number Price effective from Koha item type
        Anna Centenary Library Anna Centenary Library 7TH FLOOR, B WING 23.07.2025 947.0738 MAR 174875 23.07.2025 English Books

Find us on the map